[Event "Hull CC XXVII anniversaire B"]
[Site "Gatineau CAN"]
[Date "2006.09.19"]
[Round "2"]
[White "Dallaire, Dominic"]
[Black "Laurin, Marcel"]
[Result "1-0"]
[WhiteElo "1798"]
[BlackElo "1653"]
[PlyCount "61"]
[EventDate "2006.09.12"]
[EventType "swiss"]
[EventRounds "5"]
[EventCountry "CAN"]

1. e4 b6 2. d4 Bb7 3. Bd3 d6 4. Nf3 e6 5. c4 Nd7 6. Bf4 h6 7. Nc3 a6 8. O-O g5
9. Be3 Ne7 10. d5 e5 11. b4 Ng6 12. a4 g4 13. Nd2 Rg8 14. Qxg4 Nf6 15. Qd1 Bc8
16. Kh1 Nf4 17. Bxf4 exf4 18. Nb3 Ng4 19. Be2 Qh4 20. Bxg4 Bxg4 21. f3 Bd7 22.
a5 Bg7 23. Rc1 Be5 24. axb6 cxb6 25. c5 Ke7 26. c6 Rxg2 27. Kxg2 Bh3+ 28. Kh1
Bxf1 29. Qxf1 Rg8 30. Ne2 Qh5 31. Nbd4 1-0

[Event "Hull CC XXVII anniversaire B"]
[Site "Gatineau CAN"]
[Date "2006.09.19"]
[Round "2"]
[White "Guimond, Michel"]
[Black "Blouin, Francois"]
[Result "1-0"]
[WhiteElo "1812"]
[BlackElo "1561"]
[PlyCount "99"]
[EventDate "2006.09.12"]
[EventType "swiss"]
[EventRounds "5"]
[EventCountry "CAN"]

1. c4 Nf6 2. Nc3 e6 3. g3 c5 4. e4 Nc6 5. Bg2 a6 6. Nge2 Qc7 7. O-O g6 8. f4 d6
9. d3 Bg7 10. f5 O-O 11. Bg5 h6 12. Bxf6 Bxf6 13. Nf4 g5 14. Nh5 Bd4+ 15. Kh1
f6 16. Bh3 e5 17. Nd5 Qd8 18. a3 Nb8 19. Rb1 Nd7 20. b4 Nb6 21. Nxb6 Qxb6 22.
Bg2 Qd8 23. h4 Kf7 24. bxc5 Bxc5 25. Qb3 Rb8 26. hxg5 hxg5 27. Bf3 Rh8 28. Kg2
Qg8 29. Bg4 Ke7 30. Rh1 Bd7 31. a4 Rh7 32. Rh3 b5 33. cxb5 Qxb3 34. Rxb3 axb5
35. Nxf6 Rxh3 36. Nxd7 Rxg3+ 37. Kxg3 Kxd7 38. f6+ Kc6 39. axb5+ Kb6 40. f7 d5
41. exd5 Bd6 42. Kf3 Ra8 43. Ke4 Ra4+ 44. Kf5 Rf4+ 45. Ke6 Bf8 46. Bf5 Bg7 47.
d6 Rd4 48. Rc3 Bf8 49. d7 Bc5 50. Rxc5 1-0

[Event "Hull CC XXVII anniversaire B"]
[Site "Gatineau CAN"]
[Date "2006.09.19"]
[Round "2"]
[White "Jiang, Qizhe"]
[Black "Charland, Roger"]
[Result "0-1"]
[WhiteElo "920"]
[BlackElo "1542"]
[PlyCount "30"]
[EventDate "2006.09.12"]
[EventType "swiss"]
[EventRounds "5"]
[EventCountry "CAN"]

1. e4 Nf6 2. Nc3 d5 3. exd5 Nxd5 4. Nxd5 Qxd5 5. Nf3 Bg4 6. Be2 e6 7. h3 Bh5 8.
c4 Qc5 9. O-O Nc6 10. b3 Bd6 11. Rb1 Bxf3 12. Bxf3 Qe5 13. Re1 Qh2+ 14. Kf1 Nd4
15. Bb2 Qh1# 0-1

[Event "Hull CC XXVII anniversaire B"]
[Site "Gatineau CAN"]
[Date "2006.09.19"]
[Round "2"]
[White "Laferriere, Bruno"]
[Black "Maisonneuve, Paul"]
[Result "1-0"]
[WhiteElo "1770"]
[BlackElo "1606"]
[PlyCount "51"]
[EventDate "2006.09.12"]
[EventType "swiss"]
[EventRounds "5"]
[EventCountry "CAN"]

1. d4 Nf6 2. c4 g6 3. Nc3 Bg7 4. e4 d6 5. Nf3 O-O 6. h3 e5 7. dxe5 dxe5 8. Be3
Nc6 9. Be2 Qxd1+ 10. Rxd1 b6 11. O-O Bb7 12. Nd5 Nxe4 13. Nxc7 Rac8 14. Nb5
Rcd8 15. Ng5 Nxg5 16. Bxg5 f6 17. Be3 Ne7 18. Nxa7 Ba6 19. Nb5 Bxb5 20. cxb5
Rc8 21. Bxb6 Rc2 22. Bf3 Rxb2 23. Bc5 Re8 24. b6 Bf8 25. b7 f5 26. Rb1 1-0

[Event "Hull CC XXVII anniversaire B"]
[Site "Gatineau CAN"]
[Date "2006.09.19"]
[Round "2"]
[White "Pilon, Robert"]
[Black "Jani, Louis"]
[Result "0-1"]
[WhiteElo "1574"]
[BlackElo "1427"]
[PlyCount "92"]
[EventDate "2006.09.12"]
[EventType "swiss"]
[EventRounds "5"]
[EventCountry "CAN"]

1. e4 c5 2. c3 e6 3. d4 Nf6 4. Bg5 h6 5. Bh4 g5 6. e5 gxh4 7. exf6 Qxf6 8. Nf3
cxd4 9. cxd4 Nc6 10. Bb5 Bg7 11. Bxc6 dxc6 12. Nc3 Bd7 13. Ne4 Qe7 14. Nc5 e5
15. Nxd7 Qxd7 16. dxe5 Qe7 17. O-O O-O 18. Re1 Rfe8 19. Re4 Rad8 20. Qe2 Rd5
21. Re1 Rc5 22. Nxh4 Bxe5 23. Qg4+ Qg5 24. Qd7 Qe7 25. Qxe7 Rxe7 26. f4 Bd4+
27. Kf1 Rxe4 28. Rxe4 Rc1+ 29. Ke2 Bxb2 30. Re7 Bf6 31. Re8+ Kg7 32. Nf5+ Kg6
33. Ne3 Ra1 34. f5+ Kg7 35. Rb8 Rxa2+ 36. Kf3 b5 37. Rc8 Ra3 38. Ke2 Ra2+ 39.
Kf3 c5 40. Rxc5 b4 41. Rb5 Ra3 42. Ke2 b3 43. Kd1 Ra1+ 44. Kd2 b2 45. Kc2 Rc1+
46. Kd2 b1=Q 0-1

[Event "Hull CC XXVII anniversaire B"]
[Site "Gatineau CAN"]
[Date "2006.09.19"]
[Round "2"]
[White "Rainey, Ivan"]
[Black "Levesque, Andre"]
[Result "1-0"]
[WhiteElo "1068"]
[BlackElo "1390"]
[PlyCount "103"]
[EventDate "2006.09.12"]
[EventType "swiss"]
[EventRounds "5"]
[EventCountry "CAN"]

1. e4 c5 2. d4 cxd4 3. c3 dxc3 4. Nxc3 Nc6 5. Bc4 e6 6. Nf3 Nf6 7. O-O Be7 8.
e5 Ng4 9. Re1 Bc5 10. Ne4 Ngxe5 11. Nxe5 Nxe5 12. Nxc5 Nxc4 13. Qd4 Nb6 14.
Qxg7 Rf8 15. Qxh7 Qf6 16. Qe4 Rb8 17. Bf4 d5 18. Qe5 Qxe5 19. Bxe5 Ra8 20. b3
Nd7 21. Nxd7 Bxd7 22. Bd6 Rg8 23. Rad1 Bc6 24. Bb4 Rc8 25. f4 d4 26. g3 Rd8 27.
Bc5 d3 28. Bxa7 d2 29. Rf1 Rd3 30. Rf2 Bf3 31. Rfxd2 Rxd2 32. Rxd2 Ke7 33. Bc5+
Kf6 34. Kf2 Bg4 35. Rd7 Rh8 36. h4 Rb8 37. Ba7 Rc8 38. Rd2 e5 39. fxe5+ Kxe5
40. Bd4+ Ke4 41. Be3 Rc7 42. Rd4+ Kf5 43. Rf4+ Ke6 44. Rxg4 Rc2+ 45. Kf3 Rxa2
46. Re4+ Kf5 47. g4+ Kg6 48. Rb4 Ra1 49. Rb6+ Kh7 50. Rxb7 Kg6 51. Rb6+ Kg7 52.
Bd4+ 1-0

[Event "Hull CC XXVII anniversaire B"]
[Site "Gatineau CAN"]
[Date "2006.09.19"]
[Round "2"]
[White "Scantland, Patrick"]
[Black "Rose, Richard"]
[Result "0-1"]
[WhiteElo "1624"]
[BlackElo "1787"]
[PlyCount "66"]
[EventDate "2006.09.12"]
[EventType "swiss"]
[EventRounds "5"]
[EventCountry "CAN"]

1. d4 Nf6 2. c4 e6 3. Nc3 Bb4 4. Nf3 d5 5. cxd5 exd5 6. g3 O-O 7. Bg2 Ne4 8.
Bd2 Nxd2 9. Nxd2 c6 10. O-O Bf5 11. Qb3 Qe7 12. Rfe1 Be6 13. a3 Ba5 14. Qc2 Nd7
15. e4 dxe4 16. Qxe4 Nf6 17. Qe2 Rad8 18. Nb3 Bb6 19. Rad1 Qd6 20. d5 cxd5 21.
Nd4 Bg4 22. Bf3 Rfe8 23. Qd3 Rxe1+ 24. Rxe1 Bxd4 25. Nb5 Bxf2+ 26. Kxf2 Qb6+
27. Kg2 Bxf3+ 28. Kxf3 a6 29. Nc3 d4 30. Rd1 Qc6+ 31. Ne4 Re8 32. Re1 Nxe4 33.
Rxe4 f5 0-1

[Event "Hull CC XXVII anniversaire B"]
[Site "Gatineau CAN"]
[Date "2006.09.19"]
[Round "2"]
[White "Thibault, Mario"]
[Black "Chartrand, Jean Bruno"]
[Result "0-1"]
[WhiteElo "1676"]
[BlackElo "1885"]
[PlyCount "114"]
[EventDate "2006.09.12"]
[EventType "swiss"]
[EventRounds "5"]
[EventCountry "CAN"]

1. Nf3 d5 2. b3 Nf6 3. e3 Bg4 4. h3 Bh5 5. Bb2 e6 6. Be2 c5 7. O-O Nc6 8. Ne5
Bxe2 9. Qxe2 Bd6 10. Nxc6 bxc6 11. f4 O-O 12. d3 Re8 13. Be5 Bxe5 14. fxe5 Nd7
15. d4 Nf8 16. Nd2 Ng6 17. Nf3 Rc8 18. Qf2 Rf8 19. h4 h6 20. h5 Ne7 21. Nh4
cxd4 22. exd4 c5 23. c3 a5 24. Qd2 Nc6 25. Nf3 Qb6 26. Rac1 Rc7 27. dxc5 Qxc5+
28. Qf2 Qxf2+ 29. Kxf2 Rfc8 30. Ke2 Ne7 31. Kd3 Nf5 32. Nd4 Ng3 33. Rf3 Ne4 34.
Nb5 Rc5 35. a4 f5 36. Rf4 R5c6 37. Rf3 Nc5+ 38. Kc2 Ne4 39. Kd3 Rc5 40. Rc2 Ng5
41. Rff2 Nf7 42. Rfe2 Kf8 43. Kd4 Ng5 44. Re3 Ne4 45. Rf3 g5 46. g4 f4 47. Rf1
Ke7 48. Rf3 Rb8 49. Rf1 Rf8 50. Nd6 Ng3 51. Rf3 Rc6 52. c4 Rb8 53. Rcc3 Ne2+
54. Kd3 Nxc3 55. Kc2 Ne4 56. Kd1 Nxd6 57. exd6+ Kxd6 0-1

[Event "Hull CC XXVII anniversaire B"]
[Site "Gatineau CAN"]
[Date "2006.09.19"]
[Round "2"]
[White "Villeneuve, Luc"]
[Black "Lacourse, Guy"]
[Result "1-0"]
[WhiteElo "1535"]
[BlackElo "1681"]
[PlyCount "83"]
[EventDate "2006.09.12"]
[EventType "swiss"]
[EventRounds "5"]
[EventCountry "CAN"]

1. Nf3 c5 2. g3 Nf6 3. Bg2 d5 4. d3 g6 5. O-O Bg7 6. Nbd2 O-O 7. e4 Nc6 8. h3
dxe4 9. dxe4 Nd4 10. c3 Nxf3+ 11. Qxf3 e5 12. Rd1 Qc7 13. Nf1 Be6 14. Bg5 Rfd8
15. Bxf6 Rxd1 16. Rxd1 Bxa2 17. Bxg7 Kxg7 18. Ne3 Bb3 19. Nd5 Qc6 20. Rd2 a5
21. Qg4 b5 22. Ne7 Qf6 23. Nf5+ Kh8 24. Rd6 gxf5 25. Rxf6 fxg4 26. hxg4 Be6 27.
g5 b4 28. cxb4 cxb4 29. f4 exf4 30. gxf4 a4 31. f5 Bb3 32. e5 Ra7 33. Rb6 a3
34. Rb8+ Kg7 35. Be4 f6 36. exf6+ Kf7 37. bxa3 bxa3 38. Rxb3 a2 39. Bd5+ Ke8
40. Rb8+ Kd7 41. Bxa2 Rxa2 42. f7 1-0

[Event "Hull CC XXVII anniversaire B"]
[Site "Gatineau CAN"]
[Date "2006.09.26"]
[Round "3"]
[White "Arsenault, Yves"]
[Black "Thibault, Mario"]
[Result "0-1"]
[WhiteElo "1448"]
[BlackElo "1676"]
[PlyCount "72"]
[EventDate "2006.09.12"]
[EventType "swiss"]
[EventRounds "5"]
[EventCountry "CAN"]

1. e4 c5 2. Nf3 g6 3. d4 cxd4 4. Nxd4 Bg7 5. Nc3 Nc6 6. Nxc6 bxc6 7. Bc4 d6 8.
O-O Nf6 9. Rb1 O-O 10. Qd3 Qc7 11. f4 Nxe4 12. Nxe4 d5 13. Ng5 dxc4 14. Qxc4
Qb6+ 15. Rf2 Bd4 16. Qe2 Ba6 17. Qf3 Rad8 18. Nh3 Rd7 19. Kh1 Bxf2 20. Nxf2
Rfd8 21. Be3 Qa5 22. a3 Qf5 23. Rc1 c5 24. Ng4 Qd5 25. Qxd5 Rxd5 26. Nf2 R8d7
27. b3 c4 28. b4 Bb5 29. h3 Ba4 30. Kh2 a5 31. bxa5 Rxa5 32. c3 Rb5 33. Ne4 Rd3
34. Bc5 f5 35. Nf2 Rxc5 36. Nxd3 cxd3 0-1

[Event "Hull CC XXVII anniversaire B"]
[Site "Gatineau CAN"]
[Date "2006.09.26"]
[Round "3"]
[White "Beland, Guy"]
[Black "Jiang, Qizhe"]
[Result "1-0"]
[WhiteElo "1460"]
[BlackElo "920"]
[PlyCount "37"]
[EventDate "2006.09.12"]
[EventType "swiss"]
[EventRounds "5"]
[EventCountry "CAN"]

1. e4 e5 2. Nf3 Nc6 3. Bc4 Nf6 4. d3 Be7 5. Nc3 O-O 6. O-O Re8 7. Ng5 d5 8. Bb3
Bb4 9. Nxd5 Nxd5 10. Qh5 Nce7 11. Bxd5 Nxd5 12. Qxh7+ Kf8 13. exd5 Qxd5 14. Ne4
Qc6 15. Qh8+ Ke7 16. Qxg7 Be6 17. Bg5+ Kd7 18. Rad1 Qd5 19. Nf6+ 1-0

[Event "Hull CC XXVII anniversaire B"]
[Site "Gatineau CAN"]
[Date "2006.09.26"]
[Round "3"]
[White "Berthiaume, Patrick"]
[Black "Toulouse, Raphael"]
[Result "0-1"]
[WhiteElo "978"]
[BlackElo "1197"]
[PlyCount "68"]
[EventDate "2006.09.12"]
[EventType "swiss"]
[EventRounds "5"]
[EventCountry "CAN"]

1. e4 e5 2. Bc4 Nf6 3. Nf3 d6 4. Ng5 d5 5. exd5 Nxd5 6. Qf3 Qxg5 7. Bxd5 Qg6 8.
Bxf7+ Qxf7 9. Qxf7+ Kxf7 10. Nc3 Be6 11. Nb5 Bd6 12. Nxd6+ cxd6 13. O-O Nd7 14.
a4 Rac8 15. c3 Nc5 16. d4 Nb3 17. Rb1 exd4 18. Re1 dxc3 19. bxc3 Nc5 20. Be3
Rc7 21. Bxc5 dxc5 22. Re5 Rd8 23. h3 Rd5 24. Rxd5 Bxd5 25. Rd1 Be6 26. Ra1 Rd7
27. a5 Rd3 28. Ra3 g5 29. a6 b6 30. Rb3 Bxb3 31. c4 Bxc4 32. Kh2 b5 33. Kg1 b4
34. Kf1 Rd1# 0-1

[Event "Hull CC XXVII anniversaire B"]
[Site "Gatineau CAN"]
[Date "2006.09.26"]
[Round "3"]
[White "Blouin, Francois"]
[Black "Carrier, Simon"]
[Result "1/2-1/2"]
[WhiteElo "1561"]
[BlackElo "957"]
[PlyCount "88"]
[EventDate "2006.09.12"]
[EventType "swiss"]
[EventRounds "5"]
[EventCountry "CAN"]

1. e4 c5 2. Nc3 e5 3. g3 Nf6 4. Bg2 Be7 5. d3 h6 6. Nge2 Nc6 7. O-O O-O 8. f4
exf4 9. Nxf4 Na5 10. Ncd5 b6 11. c3 Bb7 12. Nxf6+ Bxf6 13. Nh5 Bg5 14. Qg4 d5
15. h4 Bc8 16. Qf3 Bxc1 17. Raxc1 dxe4 18. Qxe4 Bb7 19. Qg4 g6 20. Nf6+ Kg7 21.
h5 Qxd3 22. Bxb7 Nxb7 23. Rcd1 Qe3+ 24. Kg2 Rad8 25. Rd7 Rxd7 26. Qxd7 Rd8 27.
Ne8+ Qxe8 28. Qxb7 Rd2+ 29. Rf2 Rxf2+ 30. Kxf2 c4 31. hxg6 Kxg6 32. Qxa7 Qe6
33. Qb7 Qf5+ 34. Qf3 Qc2+ 35. Qe2 Qxe2+ 36. Kxe2 Kg5 37. Kf3 h5 38. b4 cxb3 39.
axb3 f5 40. c4 f4 41. b4 fxg3 42. Kxg3 Kf5 43. Kh4 Ke5 44. c5 bxc5 1/2-1/2

[Event "Hull CC XXVII anniversaire B"]
[Site "Gatineau CAN"]
[Date "2006.09.26"]
[Round "3"]
[White "Charland, Roger"]
[Black "Lacourse, Guy"]
[Result "1-0"]
[WhiteElo "1542"]
[BlackElo "1681"]
[PlyCount "57"]
[EventDate "2006.09.12"]
[EventType "swiss"]
[EventRounds "5"]
[EventCountry "CAN"]

1. Nf3 c5 2. g3 Nf6 3. Bg2 Nc6 4. O-O g6 5. d3 Bg7 6. e4 d6 7. c3 O-O 8. Nbd2
Bd7 9. Nc4 b5 10. Ne3 Qc8 11. d4 Bh3 12. e5 Bxg2 13. Nxg2 Ne8 14. exd6 exd6 15.
dxc5 dxc5 16. Be3 Ne7 17. Re1 c4 18. Qd2 Nf5 19. Bg5 h6 20. Be7 Nxe7 21. Rxe7
Nf6 22. Rae1 Rd8 23. Qc2 Nd5 24. R7e2 b4 25. Ne5 bxc3 26. bxc3 Nb6 27. Nh4 Nd7
28. Nxf7 Rf8 29. Nxh6+ 1-0

[Event "Hull CC XXVII anniversaire B"]
[Site "Gatineau CAN"]
[Date "2006.09.26"]
[Round "3"]
[White "Chartrand, Jean Bruno"]
[Black "Laferriere, Bruno"]
[Result "0-1"]
[WhiteElo "1885"]
[BlackElo "1770"]
[PlyCount "78"]
[EventDate "2006.09.12"]
[EventType "swiss"]
[EventRounds "5"]
[EventCountry "CAN"]

1. d4 d5 2. c4 e6 3. Nc3 Nf6 4. Nf3 Nbd7 5. Bg5 Be7 6. e3 O-O 7. Rc1 Re8 8. Bd3
c6 9. O-O a6 10. c5 Ng4 11. Bf4 e5 12. dxe5 Bxc5 13. Bxh7+ Kxh7 14. Ng5+ Kg8
15. Qxg4 Nxe5 16. Qh5 Ng6 17. Qh7+ Kf8 18. h4 Be7 19. h5 Bxg5 20. hxg6 fxg6 21.
Qxg6 Bxf4 22. exf4 Qf6 23. Qg3 Bf5 24. Rfe1 d4 25. Na4 d3 26. Re5 Rad8 27. Rd1
Rd5 28. Nc5 Rexe5 29. fxe5 Qxe5 30. Qxe5 Rxe5 31. Nb3 c5 32. Nd2 Re2 33. b3 b5
34. f3 Rxd2 35. Rxd2 c4 36. bxc4 bxc4 37. Rb2 c3 38. Rb8+ Ke7 39. Kf1 c2 0-1

[Event "Hull CC XXVII anniversaire B"]
[Site "Gatineau CAN"]
[Date "2006.09.26"]
[Round "3"]
[White "Jani, Louis"]
[Black "Guimond, Michel"]
[Result "1/2-1/2"]
[WhiteElo "1427"]
[BlackElo "1812"]
[PlyCount "93"]
[EventDate "2006.09.12"]
[EventType "swiss"]
[EventRounds "5"]
[EventCountry "CAN"]

1. f4 d6 2. e3 g6 3. Nf3 Bg7 4. Be2 Nf6 5. d3 O-O 6. O-O c6 7. Nbd2 a5 8. a4 b5
9. c4 Ng4 10. Nb3 bxc4 11. dxc4 Qb6 12. Nfd4 e5 13. Bxg4 Bxg4 14. Qxg4 exd4 15.
Nxd4 Bxd4 16. exd4 Qxd4+ 17. Kh1 Re8 18. Ra3 Qxc4 19. Qf3 f5 20. Bd2 d5 21. b3
Qe2 22. Qxe2 Rxe2 23. Bc3 Nd7 24. h3 c5 25. Raa1 d4 26. Be1 Nf6 27. Rd1 Nd5 28.
Rd2 Rae8 29. Rxe2 Rxe2 30. Bxa5 Ne3 31. Re1 Rxe1+ 32. Bxe1 Nd5 33. a5 Nc7 34.
Kg1 Kf7 35. Kf2 Ke6 36. Ke2 Kd5 37. Kd3 Kc6 38. Kc4 Nb5 39. b4 Nd6+ 40. Kd3 Kd5
41. bxc5 Kxc5 42. a6 Nb5 43. Bf2 Kb6 44. a7 Kxa7 45. Bxd4+ Kb7 46. Kc4 Kc6 47.
Be5 1/2-1/2

[Event "Hull CC XXVII anniversaire B"]
[Site "Gatineau CAN"]
[Date "2006.09.26"]
[Round "3"]
[White "Kennedy, Phillip"]
[Black "Scantland, Patrick"]
[Result "0-1"]
[WhiteElo "1296"]
[BlackElo "1624"]
[PlyCount "100"]
[EventDate "2006.09.12"]
[EventType "swiss"]
[EventRounds "5"]
[EventCountry "CAN"]

1. Nf3 Nf6 2. g3 g6 3. Bg2 Bg7 4. O-O d6 5. d3 O-O 6. Bg5 c5 7. e4 Nc6 8. c3
Bg4 9. Nbd2 Rb8 10. h3 Bd7 11. Re1 e5 12. Nc4 Qc7 13. Qd2 b5 14. Ne3 b4 15.
Bxf6 Bxf6 16. Nd5 Qd8 17. a3 bxc3 18. bxc3 Bg7 19. Rab1 Qa5 20. Rxb8 Rxb8 21.
Qa2 h6 22. Nd2 Be6 23. Nc4 Qd8 24. Nce3 Kh7 25. h4 Ne7 26. c4 Nc6 27. Rb1 Nd4
28. Rb2 a5 29. a4 Rb4 30. Nxb4 cxb4 31. f3 f5 32. exf5 gxf5 33. f4 exf4 34. Nd5
f3 35. Bf1 Be5 36. Nf4 Bf7 37. Rh2 Qg8 38. Rh3 Bxf4 39. Qf2 Be5 40. Kh1 Bh5 41.
Kh2 Bg4 42. h5 Bxh3 43. Bxh3 Qxg3+ 44. Qxg3 Bxg3+ 45. Kxg3 b3 46. Kf2 b2 47.
Ke3 b1=Q 48. Kxd4 f2 49. Bxf5+ Kg7 50. Bh3 Qh1 0-1

[Event "Hull CC XXVII anniversaire B"]
[Site "Gatineau CAN"]
[Date "2006.09.26"]
[Round "3"]
[White "Laurin, Marcel"]
[Black "Chirokova, Elena"]
[Result "1-0"]
[WhiteElo "1653"]
[BlackElo "1345"]
[PlyCount "55"]
[EventDate "2006.09.12"]
[EventType "swiss"]
[EventRounds "5"]
[EventCountry "CAN"]

1. d4 d5 2. c4 Nf6 3. Nc3 e6 4. a3 Nc6 5. Nf3 Be7 6. Bf4 O-O 7. e3 a6 8. h3 Ne4
9. Qc2 Na5 10. Nxe4 dxe4 11. Nd2 f5 12. b4 Nc6 13. Be2 Bf6 14. Rd1 e5 15. dxe5
Bxe5 16. Nxe4 Bd7 17. Nc5 Bxf4 18. Rxd7 Qf6 19. exf4 Rf7 20. Rxf7 Kxf7 21. O-O
Nd4 22. Qa2 b6 23. Nd7 Qe6 24. Ne5+ Kf6 25. Bf3 Rd8 26. Qb2 Nxf3+ 27. Nxf3+ Kf7
28. Ng5+ 1-0

[Event "Hull CC XXVII anniversaire B"]
[Site "Gatineau CAN"]
[Date "2006.09.26"]
[Round "3"]
[White "Levesque, Andre"]
[Black "Berthiaume, Serge"]
[Result "1-0"]
[WhiteElo "1390"]
[BlackElo "1166"]
[PlyCount "25"]
[EventDate "2006.09.12"]
[EventType "swiss"]
[EventRounds "5"]
[EventCountry "CAN"]

1. e4 e5 2. Nf3 f6 3. Bc4 d6 4. O-O Ne7 5. Nc3 h6 6. d4 c6 7. dxe5 fxe5 8. Nxe5
d5 9. exd5 cxd5 10. Nxd5 Be6 11. Nf6+ gxf6 12. Qh5+ Bf7 13. Qxf7# 1-0

[Event "Hull CC XXVII anniversaire B"]
[Site "Gatineau CAN"]
[Date "2006.09.26"]
[Round "3"]
[White "Maisonneuve, Paul"]
[Black "Rainey, Ivan"]
[Result "1-0"]
[WhiteElo "1606"]
[BlackElo "1068"]
[PlyCount "57"]
[EventDate "2006.09.12"]
[EventType "swiss"]
[EventRounds "5"]
[EventCountry "CAN"]

1. d4 d5 2. Bf4 Nc6 3. e3 f6 4. Nf3 Bg4 5. Nbd2 e6 6. Be2 Bd6 7. Bxd6 Qxd6 8.
c3 Nge7 9. O-O Bxf3 10. Nxf3 e5 11. dxe5 fxe5 12. Qb3 b6 13. Rad1 Qc5 14. Bb5
Rd8 15. Nxe5 O-O 16. Nxc6 Nxc6 17. Bxc6 Qxc6 18. Rd4 Qf6 19. Rf4 Qd6 20. Rd4 c5
21. Rd2 Rf5 22. Rfd1 c4 23. Qxc4 Qe6 24. Qb3 Rd6 25. h3 Qe4 26. Qc2 Qe5 27. e4
Rg5 28. Rxd5 Rxd5 29. Rxd5 1-0

[Event "Hull CC XXVII anniversaire B"]
[Site "Gatineau CAN"]
[Date "2006.09.26"]
[Round "3"]
[White "Rose, Richard"]
[Black "Villeneuve, Luc"]
[Result "1-0"]
[WhiteElo "1787"]
[BlackElo "1535"]
[PlyCount "45"]
[EventDate "2006.09.12"]
[EventType "swiss"]
[EventRounds "5"]
[EventCountry "CAN"]

1. e4 d6 2. d4 Nf6 3. Nc3 Nbd7 4. Nf3 e5 5. Bc4 Be7 6. h3 c6 7. a4 Qc7 8. Be3
h6 9. d5 c5 10. O-O a6 11. Qd2 Nf8 12. Rad1 Qa5 13. Nh2 Ng6 14. f4 exf4 15.
Bxf4 O-O 16. Nf3 Qb4 17. Bd3 Bd7 18. Bxh6 gxh6 19. Qxh6 c4 20. Ng5 Qc5+ 21. Kh1
Rfc8 22. Rxf6 Bxf6 23. Qh7+ 1-0

[Event "Hull CC XXVII anniversaire B"]
[Site "Gatineau CAN"]
[Date "2006.10.02"]
[Round "4"]
[White "Carrier, Simon"]
[Black "Lamarche, Gilles"]
[Result "0-1"]
[WhiteElo "957"]
[BlackElo "1075"]
[PlyCount "140"]
[EventDate "2006.09.12"]
[EventType "swiss"]
[EventRounds "5"]
[EventCountry "CAN"]

1. e4 c6 2. d4 d5 3. e5 Bf5 4. Bd3 Bg6 5. Nf3 e6 6. Nc3 Bxd3 7. Qxd3 a6 8. Na4
Qa5+ 9. c3 Qxa4 10. O-O Qa5 11. Ng5 g6 12. Qf3 Qc7 13. b3 Nh6 14. Qf6 Rg8 15.
Nxh7 Bg7 16. Qf3 Nd7 17. Bxh6 Bxh6 18. Qh3 Bg7 19. Ng5 Rh8 20. Qf3 Nb6 21. Rab1
Bh6 22. Qf6 Rf8 23. Nh7 Rg8 24. a4 Nd7 25. Qh4 Bg7 26. Qf4 Qd8 27. Ng5 Qe7 28.
Rfc1 Bh6 29. h4 f6 30. exf6 Nxf6 31. Re1 Ne4 32. Rxe4 dxe4 33. Qxe4 Bxg5 34.
hxg5 O-O-O 35. b4 Qd6 36. b5 Rh8 37. g3 Qd5 38. Re1 Qxe4 39. Rxe4 Rd6 40. Re5
a5 41. bxc6 Rxc6 42. Rxa5 Kc7 43. d5 exd5 44. Rxd5 Rxc3 45. g4 Rf8 46. Rd4 Rc2
47. f4 Kb6 48. Rb4+ Ka6 49. f5 Rd8 50. Rb1 gxf5 51. gxf5 Rd5 52. Rf1 Rc7 53. g6
Ka5 54. f6 Rg5+ 55. Kh2 Rxg6 56. f7 Rc5 57. Rf3 Rh5+ 58. Rh3 Rxh3+ 59. Kxh3 Rf6
60. f8=Q Rxf8 61. Kg4 Kxa4 62. Kg5 b5 63. Kg6 b4 64. Kg5 b3 65. Kg4 b2 66. Kg3
b1=Q 67. Kg2 Qb3 68. Kh2 Rc8 69. Kg1 Rc2 70. Kf1 Qb1# 0-1

[Event "Hull CC XXVII anniversaire B"]
[Site "Gatineau CAN"]
[Date "2006.10.03"]
[Round "4"]
[White "Dallaire, Dominic"]
[Black "Charland, Roger"]
[Result "0-1"]
[WhiteElo "1798"]
[BlackElo "1542"]
[PlyCount "123"]
[EventDate "2006.09.12"]
[EventType "swiss"]
[EventRounds "5"]
[EventCountry "CAN"]

1. e4 Nf6 2. e5 Nd5 3. Nf3 Nc6 4. Be2 d6 5. exd6 cxd6 6. d4 g6 7. O-O Bg7 8. c4
Nb6 9. Be3 O-O 10. Na3 Bg4 11. Qd2 d5 12. c5 Nd7 13. Rfc1 Re8 14. Rab1 Bf5 15.
Nc2 e5 16. b4 exd4 17. Nfxd4 Nxd4 18. Nxd4 Bxb1 19. Rxb1 Rc8 20. Nb5 d4 21. Bg5
Rxe2 22. Qxe2 Qxg5 23. Nd6 Rb8 24. Qf3 Qf6 25. Qd5 Ne5 26. Rd1 Ng4 27. Rf1 Ne5
28. a3 a6 29. Nxb7 Qe6 30. Qxe6 fxe6 31. Nd6 Nc6 32. f4 Rf8 33. Nc4 d3 34. Rd1
Rd8 35. Kf2 Rd4 36. Nb2 Rxf4+ 37. Ke3 Bh6 38. Kxd3 Rf2 39. Nc4 Rf4 40. Re1 Rd4+
41. Kc3 Bg7 42. Kb3 e5 43. Nd6 Bf8 44. Ne8 a5 45. b5 Rd3+ 46. Kc2 Rd8 47. bxc6
Rxe8 48. c7 Bxc5 49. Rxe5 Rc8 50. Rxc5 Kf8 51. Kb3 Ke8 52. Ka4 Kd7 53. Kxa5
Ra8+ 54. Kb4 Kc8 55. a4 Ra7 56. a5 Rb7+ 57. Kc3 Rb1 58. Kd4 Re1 59. Kd5 Rd1+
60. Kc6 h5 61. a6 Ra1 62. Kb6 0-1

[Event "Hull CC XXVII anniversaire B"]
[Site "Gatineau CAN"]
[Date "2006.10.02"]
[Round "4"]
[White "Iyamuremye, Gervais"]
[Black "Arsenault, Yves"]
[Result "0-1"]
[WhiteElo "1500"]
[BlackElo "1448"]
[PlyCount "80"]
[EventDate "2006.09.12"]
[EventType "swiss"]
[EventRounds "5"]
[EventCountry "CAN"]

1. e4 c5 2. Nc3 g6 3. Nf3 Bg7 4. Be2 Nc6 5. a3 d6 6. Na2 Qb6 7. O-O Nf6 8. d3
O-O 9. c3 a5 10. Nd2 d5 11. Kh1 Ne5 12. f3 dxe4 13. dxe4 Be6 14. h3 Rfd8 15.
Qe1 Nd3 16. Bxd3 Rxd3 17. Qf2 Qd6 18. Re1 Nh5 19. Nf1 Bc4 20. Be3 b6 21. Nc1
Rd1 22. Ne2 Rxa1 23. Rxa1 Bxe2 24. Qxe2 Rd8 25. g4 Ng3+ 26. Nxg3 Qxg3 27. Qg2
Qxg2+ 28. Kxg2 Rd3 29. Bf4 e5 30. Bg5 f6 31. Bh4 Rd2+ 32. Bf2 Rxb2 33. h4 Rc2
34. Rb1 Rxc3 35. Rxb6 c4 36. Bc5 Rc2+ 37. Kg3 Bh6 38. Rb8+ Kf7 39. Rb7+ Ke8 40.
Rxh7 Bf4+ 0-1

[Event "Hull CC XXVII anniversaire B"]
[Site "Gatineau CAN"]
[Date "2006.10.03"]
[Round "4"]
[White "Jani, Louis"]
[Black "Blouin, Francois"]
[Result "0-1"]
[WhiteElo "1427"]
[BlackElo "1561"]
[PlyCount "100"]
[EventDate "2006.09.12"]
[EventType "swiss"]
[EventRounds "5"]
[EventCountry "CAN"]

1. f4 e6 2. Nf3 g6 3. e3 Bg7 4. Be2 Nc6 5. O-O Nge7 6. d4 d5 7. c3 O-O 8. Qe1
b6 9. Nbd2 a5 10. a3 Ba6 11. Bxa6 Rxa6 12. c4 Re8 13. Qe2 Ra8 14. Nb3 Nf5 15.
Bd2 Qc8 16. c5 a4 17. Nc1 Qa6 18. Qxa6 Rxa6 19. b4 b5 20. Kh1 Kf8 21. Nd3 Ke7
22. Rf2 Kd7 23. Raf1 h5 24. Nde5+ Bxe5 25. fxe5 Raa8 26. g3 Rh8 27. Ng5 Raf8
28. Rf3 Nd8 29. Bc3 c6 30. e4 Nh6 31. exd5 cxd5 32. Kg2 Nf5 33. Kf2 Nc6 34. Rd1
Ke7 35. Ke2 f6 36. exf6+ Rxf6 37. Rf4 Ng7 38. Rxf6 Kxf6 39. h4 Nf5 40. Rf1 Ke7
41. Kd3 Nd8 42. Rf3 Nf7 43. c6 Nxg5 44. hxg5 Kd6 45. Bd2 Kxc6 46. Bf4 Kd7 47.
Be5 Rh7 48. Bf6 h4 49. gxh4 Rxh4 50. Ke2 Rh2+ 0-1